|
|
|
|
| LEADER |
01094nam a2200265 a 4500 |
| 001 |
1642616 |
| 008 |
100127s1996 dcua b 000 0 eng d |
| 010 |
|
|
|a 96149694
|
| 040 |
|
|
|a MSC
|c MSC
|d DLC
|d BD-DhAAL
|
| 082 |
0 |
0 |
|a 363.9/6/095491
|2 20
|
| 100 |
1 |
|
|a Rosen, James E.
|
| 245 |
1 |
0 |
|a Pakistan's population program :
|b the challenge ahead /
|c by James E. Rosen and Shanti R. Conly.
|
| 260 |
|
|
|a Washington, D.C. :
|b Population Action International,
|c 1996.
|
| 300 |
|
|
|a vi, 50 p. :
|b ill. ;
|c 28 cm.
|
| 490 |
1 |
|
|a Country study series,
|x 1085-3863 ;
|v #3
|
| 504 |
|
|
|a Includes bibliographical references.
|
| 541 |
1 |
|
|e 00005583
|
| 650 |
|
0 |
|a Birth control
|z Pakistan.
|
| 650 |
|
0 |
|a Family policy
|z Pakistan.
|
| 651 |
|
0 |
|a Pakistan
|x Population policy.
|
| 700 |
1 |
|
|a Conly, Shanti R.
|
| 830 |
|
0 |
|a Country study series (Washington, D.C.) ;
|v #3.
|
| 852 |
4 |
|
|a Ayesha Abed Library
|j General shelf
|
| 999 |
|
|
|c 7238
|d 7238
|
| 952 |
|
|
|0 0
|1 0
|2 ddc
|4 0
|6 363_960954910000000_ROS_1996
|7 0
|9 7546
|a BRACUL
|b BRACUL
|c GEN
|d 2010-01-28
|g 0.00
|l 0
|o 363.96095491 ROS
|p 3010005583
|r 2010-01-28
|t 1
|w 2010-01-28
|y BK
|z Not price in Register
|